000
00358 a2200169 4500
001
56487
020
_a
8508106181
040
_c
Anchieta - Pituba
100
_a
Carrasco, Walcyr
240
1
0
_a
Balança coração
_l
por
245
1
0
_a
Balança coração
300
_a
362
0
_a
2006
440
1
_a
Ática
650
4
_a
Literatura juvenil
942
_c
BK
999
_c
56487
_d
56487